000 00691cam a22001934a 4500
005 20250605164348.0
008 250528s ||||||||||||||||||||||||d
035 _a24030
040 _aGR-AtMCL
_bgre
_dGR-AtMCL
_eAACR2
245 1 _aBaggage Handling / A Key Performance Indicator for Airports
260 _bInternational Airport Review,
_c2021
300 _a48
520 _aWhy 'Security Thinking' has Never Been More Important, CANSO's DG on a New Future for Aviation, An Innovative and Contactless Airport Experience in Bahrain.
700 1 _aMarques Da Silva Fabio
_99358
700 1 _aMendes Peixoto Kleyton
_99359
942 _cCR
999 _c8931
_d8931